И. Л. Солоневич о грядущей России; Вестник науки Сибири; № 1s (16)
| Parent link: | Вестник науки Сибири: электронный научный журнал/ Томский политехнический университет (ТПУ).— , 2011-.— 2226-0064 № 1s (16).— 2015.— [С. 14-20] |
|---|---|
| Autore principale: | |
| Riassunto: | Заглавие с титульного листа Статья посвящена выявлению представлений о будущем государственном строе постсоветской России консервативного мыслителя русского зарубежья И.Л. Солоневича (1891-1953), создателя концепции самобытной российской «народной монархии». Солоневич был убежден в неминуемом крушении советской власти и в том, что в посткоммунистической России будет восстановлено самодержавие, соединенное с широким самоуправлением. Народное представительство, по его замыслу, будет олицетворяться Земским собором, собранным по территориально- корпоративному признаку. Структура представительных органов власти конструировалась Солоневичем как двухпалатная система, где верхняя палата строится по территориальному признаку - представительство земских и городских самоуправлений, а нижняя - на принципах представительства двух партий. В основу написания данной статьи положены конкретно- исторический и сравнительно-исторический методы социального познания. Представления о будущем государственном строе постсоветской России И.Л. Солоневича могут быть использованы представителями юридических и гуманитарных наук в рамках специализированных курсов по истории государства и права России, истории политических и правовых учений, истории общественно-политической мысли России. Учитывая, что в современной России существует монархическое движение и несравненно более широкое значение имеет "монархизм чувств", то есть симпатия к культуре, праву, философии и истории Российской Империи, не связанные с конкретными партийными организации, данная тема остается актуальной. |
| Lingua: | russo |
| Pubblicazione: |
2015
|
| Serie: | Гуманитарные науки |
| Soggetti: | |
| Accesso online: | http://earchive.tpu.ru/handle/11683/16862 |
| Natura: | Elettronico Capitolo di libro |
| KOHA link: | https://koha.lib.tpu.ru/cgi-bin/koha/opac-detail.pl?biblionumber=543925 |
MARC
| LEADER | 00000naa2a2200000 4500 | ||
|---|---|---|---|
| 001 | 543925 | ||
| 005 | 20260105110553.0 | ||
| 035 | |a (RuTPU)RU\TPU\prd\235589 | ||
| 035 | |a RU\TPU\prd\235581 | ||
| 090 | |a 543925 | ||
| 100 | |a 20150430d2015 k y0rusy50 ca | ||
| 101 | 0 | |a rus | |
| 102 | |a RU | ||
| 135 | |a drcn ---uucaa | ||
| 181 | 0 | |a i | |
| 182 | 0 | |a b | |
| 200 | 1 | |a И. Л. Солоневич о грядущей России |f А. Е. Беляев | |
| 203 | |a Текст |c электронный | ||
| 215 | |a 1 файл (538 Кб) | ||
| 225 | 1 | |a Гуманитарные науки | |
| 300 | |a Заглавие с титульного листа | ||
| 320 | |a [Библиогр.: с. 19-20 (19 назв.)] | ||
| 330 | |a Статья посвящена выявлению представлений о будущем государственном строе постсоветской России консервативного мыслителя русского зарубежья И.Л. Солоневича (1891-1953), создателя концепции самобытной российской «народной монархии». Солоневич был убежден в неминуемом крушении советской власти и в том, что в посткоммунистической России будет восстановлено самодержавие, соединенное с широким самоуправлением. Народное представительство, по его замыслу, будет олицетворяться Земским собором, собранным по территориально- корпоративному признаку. Структура представительных органов власти конструировалась Солоневичем как двухпалатная система, где верхняя палата строится по территориальному признаку - представительство земских и городских самоуправлений, а нижняя - на принципах представительства двух партий. В основу написания данной статьи положены конкретно- исторический и сравнительно-исторический методы социального познания. Представления о будущем государственном строе постсоветской России И.Л. Солоневича могут быть использованы представителями юридических и гуманитарных наук в рамках специализированных курсов по истории государства и права России, истории политических и правовых учений, истории общественно-политической мысли России. Учитывая, что в современной России существует монархическое движение и несравненно более широкое значение имеет "монархизм чувств", то есть симпатия к культуре, праву, философии и истории Российской Империи, не связанные с конкретными партийными организации, данная тема остается актуальной. | ||
| 337 | |a Adobe Reader | ||
| 461 | 1 | |0 (RuTPU)RU\TPU\prd\143680 |x 2226-0064 |t Вестник науки Сибири |o электронный научный журнал |f Томский политехнический университет (ТПУ) |d 2011- | |
| 463 | 1 | |0 (RuTPU)RU\TPU\prd\235567 |t № 1s (16) |v [С. 14-20] |d 2015 | |
| 610 | 1 | |a труды учёных ТПУ | |
| 610 | 1 | |a электронный ресурс | |
| 610 | 1 | |a Россия | |
| 610 | 1 | |a консерватизм | |
| 610 | 1 | |a самодержавие | |
| 610 | 1 | |a революция | |
| 610 | 1 | |a государственный строй | |
| 700 | 1 | |a Беляев |b А. Е. |g Александр Евгеньевич | |
| 801 | 1 | |a RU |b 63413507 |c 20090623 |g PSBO | |
| 801 | 2 | |a RU |b 63413507 |c 20180110 |g PSBO | |
| 856 | 4 | |u http://earchive.tpu.ru/handle/11683/16862 | |
| 942 | |c BK | ||